Inversioni sessuali : patogenesi, androgenia, ginandria ... /

সংরক্ষণ করুন:
গ্রন্থ-পঞ্জীর বিবরন
প্রধান লেখক: Fabiani, Pietro (লেখক)
বিন্যাস: গ্রন্থ
ভাষা:ইতালিয়
প্রকাশিত: Napoli : società editrice partenopea, [19..?]
ট্যাগগুলো: ট্যাগ যুক্ত করুন
কোনো ট্যাগ নেই, প্রথমজন হিসাবে ট্যাগ করুন!

MARC

LEADER 00000nam a22000007i 4500
001 IT\ICCU\UBO\3455870
003 ItRI
005 20260115232337.0
008 080715q19001999it |||||| ||||| |||||c
040 |b ita  |c importazione bologna sebina 
041 7 |a ita  |2 ISO-639-2 
100 1 |a Fabiani, Pietro  |0 IT\ICCU\SBLV\147820  |4 aut 
245 1 0 |a Inversioni sessuali :  |b patogenesi, androgenia, ginandria ... /  |c Pietro Fabiani. 
260 |a Napoli :  |b società editrice partenopea,  |c [19..?] 
300 |a 96 p. ;  |c 19 cm. 
942 |2 ddc  |c BK  |n 0 
952 |0 0  |1 0  |4 0  |6 DOC_306_700000000000000_FAB  |7 0  |9 24509  |a BO  |b BO  |d 2026-01-15  |i 469  |l 0  |o DOC 306.7 FAB  |p BO469  |r 2026-01-15 23:23:37  |w 2026-01-15  |x [Sebina 7] [1 v.]  |y BK  |z 1 v. 
999 |c 20859  |d 20859